000 00276 a2200145 4500
001 175681
020 _a
040 _cMagnum
100 _a-
240 1 0 _aPai, mae
_lpor
245 1 0 _aPai, mae
362 0 _a1899
697 _aMAGNITO: EDUCACAO DO TRANSITO
942 _cBK
999 _c175681
_d175681